Statystyki dla Firmy tuningowe

Kliknij tutaj aby rozwiązać quiz!

Ogólne statystyki

  • Ten quiz został rozwiązany 17 razy
  • Średni wynik to 4 z 15

Statystyki odpowiedzi

Marki które najczęściej tuningujeFirma% Poprawnych
BMWAlpina
71%
MercedesBrabus
71%
FiatAbarth
57%
BMWManhart
43%
Audi, Volkswagen, Skoda, Seat, CupraABT
29%
BMWG-Power
29%
Aston Martin, Audi, Bentley, BMW, Bugatti, Ferrari, Lamborghini itd.Mansory
21%
BMWAC Schnitzer
14%
Audi, Volkswagen, CupraMTM
14%
PorscheGemballa
7%
BMWHammann
7%
BMWHartge
7%
HondaMugen
7%
Ferrari, Maserati, Lamborghini, Fiat, Alfa RomeoNovitec
7%
PorscheTechArt
7%

Rozkład punktacji

Percentyl według liczby udzielonych odpowiedzi

Procent ludzi z każdym wynikiem

Twoja historia wyników

Nie rozwiązałeś tego quizu